Southville International School and Colleges
Your cart is empty.
  • Cart
  • Lists
    Public lists Eva Luna New books Lux_list list_1
    Your lists Log in to create your own lists
  • Log in to your account
  • Your cookies
  • Search history
Southville International School and Colleges
  • Advanced search
  • Recent comments
  • Most popular
  • Libraries

Log in to your account

Log in with GOOGLE


If you do not have an external account, but do have a local account, you can still log in:

  1. Home
  2. MARC view: Introductory statistics /
Normal view MARC view ISBD view

Introductory statistics / (Record no. 42296)

[ view plain ]
MARC details
000 -LEADER
fixed length control field 00463nam a22001697a 4500
003 - CONTROL NUMBER IDENTIFIER
control field SISC
005 - DATE AND TIME OF LATEST TRANSACTION
control field 20160223082510.0
008 - FIXED-LENGTH DATA ELEMENTS--GENERAL INFORMATION
fixed length control field 130204t xxu||||| |||| 00| 0 eng d
020 ## - INTERNATIONAL STANDARD BOOK NUMBER
International Standard Book Number 9712304418
050 ## - LIBRARY OF CONGRESS CALL NUMBER
Classification number QA 276.12
Item number .P139 2004
100 ## - MAIN ENTRY--PERSONAL NAME
Personal name Pagoso, Cristobal
9 (RLIN) 30521
245 ## - TITLE STATEMENT
Title Introductory statistics /
Statement of responsibility, etc Cristobal Pagoso.
260 ## - PUBLICATION, DISTRIBUTION, ETC. (IMPRINT)
Place of publication, distribution, etc Philippines :
Name of publisher, distributor, etc REX Book Store,
Date of publication, distribution, etc 2004.
300 ## - PHYSICAL DESCRIPTION
Extent 390 p. :
Dimensions 24 cm.
Other physical details ill. ;
942 ## - ADDED ENTRY ELEMENTS (KOHA)
Source of classification or shelving scheme Library of Congress Classification
Koha item type Books
Holdings
Withdrawn status Lost status Source of classification or shelving scheme Damaged status Home library Current library Shelving location Date acquired Total Checkouts Total Renewals Full call number Barcode Date last seen Date checked out Copy number Price effective from Koha item type
    Library of Congress Classification   Luxembourg Library Luxembourg Library High School Section 02/21/2014 2 3 QA 276.12 .P139 2004 12654 02/11/2025 02/05/2025 1 02/21/2014 Books

Introductory statistics /

APA

Pagoso C., . (2004). Introductory statistics. Philippines: REX Book Store.

Chicago

Pagoso Cristobal, . 2004. Introductory statistics. Philippines: REX Book Store.

Harvard

Pagoso C., . (2004). Introductory statistics. Philippines: REX Book Store.

MLA

Pagoso Cristobal, . Introductory statistics. Philippines: REX Book Store. 2004.

  • Place hold
  • Print
  • Cite
  • Add to your cart (remove)
  • Save record
    BIBTEX Dublin Core MARCXML MARC (non-Unicode/MARC-8) MARC (Unicode/UTF-8) MARC (Unicode/UTF-8, Standard) MODS (XML) RIS
  • More searches
    Search for this title in:
    Other Libraries (WorldCat) Other Databases (Google Scholar) Online Stores (Bookfinder.com) Open Library (openlibrary.org)

Exporting to Dublin Core...

SOUTHVILLE LIBRARY

Southville International School and Colleges Library

1281 Tropical Ave. Cor. Luxembourg St., BF Homes International, Las Pinas City

Tel. No. 8256374 / 252358 Loc. 117/146

Powered by Koha